Akibat terburu-buru (Record no. 56316)
[ view plain ]
| 000 -LEADER | |
|---|---|
| fixed length control field | 00748nam a2200265 i 4500 |
| 001 - CONTROL NUMBER | |
| control field | C2-0241188 |
| 003 - CONTROL NUMBER IDENTIFIER | |
| control field | PPAK |
| 005 - DATE AND TIME OF LATEST TRANSACTION | |
| control field | 20180727203704.0 |
| 008 - FIXED-LENGTH DATA ELEMENTS--GENERAL INFORMATION | |
| fixed length control field | 020731s2002 my a|||| ||||| | may d |
| 020 ## - INTERNATIONAL STANDARD BOOK NUMBER | |
| International Standard Book Number | 9831433955 |
| 040 ## - CATALOGING SOURCE | |
| Original cataloging agency | PPAK |
| Language of cataloging | eng |
| Transcribing agency | PPAK |
| Description conventions | rda |
| 082 04 - DEWEY DECIMAL CLASSIFICATION NUMBER | |
| Classification number | 499.2386 |
| Edition number | 23 |
| 090 00 - LOCALLY ASSIGNED LC-TYPE CALL NUMBER (OCLC); LOCAL CALL NUMBER (RLIN) | |
| Classification number (OCLC) (R) ; Classification number, CALL (RLIN) (NR) | 499.2386 |
| Feature heading | NOR |
| Feature heading | K |
| 100 0# - MAIN ENTRY--PERSONAL NAME | |
| Personal name | Norhaslinda Hamzah, |
| Relator term | author |
| 245 10 - TITLE STATEMENT | |
| Title | Akibat terburu-buru |
| 264 #1 - PRODUCTION, PUBLICATION, DISTRIBUTION, MANUFACTURE, AND COPYRIGHT NOTICE | |
| Place of production, publication, distribution, manufacture | Petaling Jaya, Selangor : |
| Name of producer, publisher, distributor, manufacturer | Mega Setia Emas , |
| Date of production, publication, distribution, manufacture, or copyright notice | 2002 |
| 300 ## - PHYSICAL DESCRIPTION | |
| Extent | [22 pages] : |
| Other physical details | colour illustrations ; |
| Dimensions | 21 cm |
| 336 ## - CONTENT TYPE | |
| Source | rdacontent |
| Content type term | text |
| 337 ## - MEDIA TYPE | |
| Source | rdamedia |
| Media type term | unmediated |
| 338 ## - CARRIER TYPE | |
| Source | rdacarrier |
| Carrier type term | volume |
| 490 1# - SERIES STATEMENT | |
| Series statement | Siri citra fauna |
| 650 10 - SUBJECT ADDED ENTRY--TOPICAL TERM | |
| Topical term or geographic name entry element | Bahasa Melayu - Readers |
| 830 #0 - SERIES ADDED ENTRY--UNIFORM TITLE | |
| Uniform title | Siri citra fauna |
| 942 ## - ADDED ENTRY ELEMENTS (KOHA) | |
| -- | dc |
| Koha item type | Book |
| Withdrawn | Not for loan | Current library | Shelving location | Date acquired | Full call number | Barcode | Date last seen | Koha item type | Total Checkouts | Date last checked out |
|---|---|---|---|---|---|---|---|---|---|---|
| Perpustakaan Awam Sungai Petani | Pinjaman Kanak-kanak | 31/07/2002 | K 499.2386 NOR | A01005990 | 08/05/2018 | Book | ||||
| Perpustakaan Baling | Pinjaman Kanak-kanak | 29/04/2003 | K 499.2386 NOR | A01027447 | 08/05/2018 | Book | ||||
| Perpustakaan Baling | Pinjaman Kanak-kanak | 29/04/2003 | K 499.2386 NOR | A01027448 | 23/11/2024 | Book | 1 | 20/11/2024 | ||
| Perpustakaan Bandar Baharu | Pinjaman Kanak-kanak | 31/07/2002 | K 499.2386 NOR | A01005995 | 08/05/2018 | Book | ||||
| Perpustakaan Kulim | Pinjaman Kanak-kanak | 31/07/2002 | K 499.2386 NOR | A01005993 | 02/08/2025 | Book | 2 | 27/07/2025 | ||
| Perpustakaan Yan | Pinjaman Kanak-kanak | 31/07/2002 | K 499.2386 NOR | A01005994 | 08/05/2018 | Book | ||||
| Bergerak 1, Alor Setar | Pinjaman Kanak-kanak | 31/07/2002 | K 499.2386 NOR | A01005997 | 08/05/2018 | Book | ||||
| Bergerak 3, Baling | Pinjaman Kanak-kanak | 31/07/2002 | K 499.2386 NOR | A01005999 | 08/05/2018 | Book | ||||
| Bergerak 4, Sungai Petani | Pinjaman Kanak-kanak | 31/07/2002 | K 499.2386 NOR | A01006000 | 08/05/2018 | Book | ||||
| Bergerak 5, Kulim | Pinjaman Kanak-kanak | 31/07/2002 | K 499.2386 NOR | A01006001 | 08/05/2018 | Book | ||||
| PD20, Felda Lubuk Merbau, Pendang | Pinjaman Kanak-kanak | 31/07/2002 | K 499.2386 NOR | A01006003 | 08/05/2018 | Book | ||||
| PD23, Taman Mas Merah, Titi Gajah, Alor Setar | Pinjaman Kanak-kanak | 31/07/2002 | K 499.2386 NOR | A01006006 | 08/05/2018 | Book | ||||
| PD24, Felda Bukit Tangga, Bukit Kayu Hitam | Pinjaman Kanak-kanak | 31/07/2002 | K 499.2386 NOR | A01006007 | 08/05/2018 | Book | ||||
| PD25, KEDA Batu 13, Pokok Sena | Pinjaman Kanak-kanak | 31/07/2002 | K 499.2386 NOR | A01006008 | 08/05/2018 | Book | ||||
| PD27, Kg. Bendang Bukit, Pendang | Pinjaman Kanak-kanak | 31/07/2002 | K 499.2386 NOR | A01006010 | 08/05/2018 | Book | ||||
| PD28, Kg. Paya Kerchut, Pendang | Pinjaman Kanak-kanak | 31/07/2002 | K 499.2386 NOR | A01006011 | 08/05/2018 | Book |